00445nam a2200181Ia 4500003000900000008004100009040001300050040001300063041000800076100002500084245009200109250001200201260001400213260000900227300001100236300001000247490000600257IT-RoPAU120407s9999 xx 000 0 und d aIT-RoPAU cIT-RoPAU aita aGeorge Bernhard Shaw aSanta Giovanna. Cronaca drammatizzata in quattro atti e un epilogo. Trad. di A. Agresti aMilano  aMondadori c1927 a253 p. c19 cm v1